000 01711nam a2200409 a 4500
001 ebr10230043
003 CaPaEBR
006 m u
007 cr cn|||||||||
008 791025s1980 ilua sb 101 0 eng d
010 _z 79022661
020 _z0226251365
020 _z0226251349 (pbk.)
020 _z9780226251349
020 _z9780226251332
040 _aCaPaEBR
_cCaPaEBR
035 _a(OCoLC)560662078
043 _an-us---
050 1 4 _aHC106.7
_b.R3eb
082 0 4 _a338.973
245 0 0 _aRational expectations and economic policy
_h[electronic resource] /
_cedited by Stanley Fischer.
260 _aChicago :
_bUniversity of Chicago Press,
_cc1980.
300 _aix, 293 p. :
_bill.
490 1 _aA Conference report - National Bureau of Economic Research
500 _aProceedings of a conference sponsored by the National Bureau of Economic Research, held at Bald Peak Colony Club, N.H., in Oct. 1978.
504 _aIncludes bibliographies and index.
533 _aElectronic reproduction.
_bPalo Alto, Calif. :
_cebrary,
_d2013.
_nAvailable via World Wide Web.
_nAccess may be limited to ebrary affiliated libraries.
650 0 _aMonetary policy
_zUnited States
_vCongresses.
650 0 _aRational expectations (Economic theory)
651 0 _aUnited States
_xEconomic policy
_y1971-1981
_vCongresses.
655 7 _aElectronic books.
_2local
700 1 _aFischer, Stanley.
710 2 _aNational Bureau of Economic Research.
710 2 _aebrary, Inc.
830 0 _aConference report (National Bureau of Economic Research)
856 4 0 _uhttp://site.ebrary.com/lib/rucke/Doc?id=10230043
_zAn electronic book accessible through the World Wide Web; click to view
999 _c39288
_d39288